000 00594nam a22002411c 4500
001 ht014704554
008 080508s2006 gw a||| 000u ger d
041 _ager
100 1 _aBinding, Günther
245 0 0 _aAls die Kathedralen in den Himmel wuchsen :
_bBauen im Mittelalter
264 _aDarmstadt :
_bWiss. Buchges.,
_c2006
300 _a136 S. : zahlr. Ill
650 0 _aStadt
650 0 _aKirche
650 0 _aArchitektur
650 0 _aGotik
650 0 _aBauwesen
650 0 _aAlltag
655 0 _aBildband
942 _cMG
040 _cRU-10907106
003 RU-10907106
999 _c16045
_d16045